Bilecik Bilecik Bilecik Bilecik Bilecik

Kaçakçılık ve organize suçlarla mücadele : (Record no. 28890)

MARC details
000 -BAŞLIK
Sabit Uzunluktaki Kontrol Alanı 01334nam a22003737a 4500
001 - KONTROL NUMARASI
Control Dosyası 0028968
003 - KONTROL NUMARASI KİMLİĞİ
Kontrol Alanı KOHA_MİRAKIL
005 - EN SON İŞLEM TARİHİ ve ZAMANI
Kontrol Alanı 20260207002646.0
007 - FİZİKSEL TANIM SABİT ALAN - GENEL BİLGİ
Sabit uzunluklu kontrol alanı ta
008 - SABİT UZUNLUKTAKİ VERİ ÖGELERİ - GENEL BİLGİ
Sabit Alan 110330b2011 tu |||grt|||#0|||0|tur |
020 ## - ISBN - ULUSLARARASI STANDART KİTAP NUMARASI
Kullanılabilirlik koşulları 0,01
040 ## - KATALOGLAMA KAYNAĞI
Özgün Kataloglama Kurumu TR-BiSEU
Kataloglama Dili tur
Çeviri Kurumu TR-BiSEU
Açıklama Kuralları rda
041 0# - DİL KODU
Metin ya da ses kaydının dil kodu tur
044 ## - YAYINLAYAN/ÜRETEN KURULUŞUN ÜLKE KODU
ISO country code tu
050 ## - SINIFLAMA ve YER NUMARASI
Sınıflama Numarası HJ7030.7.Z5
Yer Numarası K33 2011
245 1# - ESER ADI BİLDİRİMİ
Başlık Kaçakçılık ve organize suçlarla mücadele :
Alt Eseradı vb. 2010 raporu.
264 #1 - ÜRERİM, YAYIN, DAĞITIM ve TELİF BİLDİRİMİ
Yayın yeri Ankara :
Yayınlayan T.C İçişleri Bakanlığı Emniyet Genel Müdürlüğü
Yayın tarihi 2011
300 ## - FİZİKSEL TANIMLAMA
Sayfa, Cilt vb. 166 sayfa: grafik; 28 cm.
336 ## - İÇERİK TÜRÜ
Content type term metin
Content type code txt
Source rdacontent
337 ## - MEDYA TÜRÜ
Media type term aracısız
Media type code n
Source rdamedia
338 ## - TAŞIYICI TÜRÜ
Carrier type term cilt
Carrier type code nc
Source rdacarrier
490 1# - DİZİ BİLDİRİMİ
Dizi Bildirimi Emniyet Genel Müdürlüğü.
490 1# - DİZİ BİLDİRİMİ
Dizi Bildirimi Kaçakçılık ve Organize Suçlarla Mücadele Daire Başkanlığı yayınları ;
Cilt Numarası 4.
650 #0 - KONU BAŞLIĞI EK GİRİŞ - KONU TERİMİ
Konusal terim veya coğrafi ad Kaçakçılık.
9 (RLIN) 57352
650 #0 - KONU BAŞLIĞI EK GİRİŞ - KONU TERİMİ
Konusal terim veya coğrafi ad Mücadele Faaliyetleri.
9 (RLIN) 57353
650 #0 - KONU BAŞLIĞI EK GİRİŞ - KONU TERİMİ
Konusal terim veya coğrafi ad Uluslararası Trendler.
9 (RLIN) 57354
650 #0 - KONU BAŞLIĞI EK GİRİŞ - KONU TERİMİ
Konusal terim veya coğrafi ad Uyuşturucu Meddelerin Türlerine göre.
9 (RLIN) 57355
650 #0 - KONU BAŞLIĞI EK GİRİŞ - KONU TERİMİ
Konusal terim veya coğrafi ad Yakalama Metotlarına göre değerlendirme.
9 (RLIN) 57356
650 #0 - KONU BAŞLIĞI EK GİRİŞ - KONU TERİMİ
Konusal terim veya coğrafi ad Sahtecilik suçları.
9 (RLIN) 57357
830 1# - SERİ EK GİRİŞİ - TEKBİÇİM ESER ADI
Tekbiçim Başlık Emniyet Genel Müdürlüğü.
9 (RLIN) 36803
830 1# - SERİ EK GİRİŞİ - TEKBİÇİM ESER ADI
Tekbiçim Başlık Kaçakçılık ve Organize Suçlarla Mücadele Daire Başkanlığı yayınları ;
Volume number/sequential designation 4.
9 (RLIN) 57358
907 ## - LOCAL DATA ELEMENT G, LDG (RLIN)
a Rapor
942 ## - EK GİRİŞ ÖGELERİ (KOHA)
Source of classification or shelving scheme Library of Congress Classification
Koha item type Book
Holdings
Materyal Türü Kalıcı Konum Mevcut Konum Raf Yeri Sınıflandırma Kaynağı Edinim Bilgisi Ana Konular Alt Konular Yer Numarası Demirbaş Numarası Fatura Tarihi Geri Çekilme Durumu Kayıp Durumu Hasarlı Durumu Kredi için değil Kayıt Tarih Toplam Ödünçverme Son Görülme Tarihi Son Kontrol Tarihi Genel / Bağış Notu
Book Prof. Dr. Azmi Özcan Kütüphanesi Prof. Dr. Azmi Özcan Kütüphanesi Uluğbey Salonu Library of Congress Classification Bağış SOSYAL BİLİMLER Kamu Maliyesi HJ7030.7.Z5 K33 2011 0028968 02/02/2026         30/03/2011   05/12/2024 05/12/2024 Genel Bağış